000 00709nam a22002411 4500
001 10347
003 BD-RjUL
005 20211208234935.0
008 140123s1954 nyua b 000 0 eng
035 _a(BD-RjUL)10395
040 _aDLC/ICU
_cICU
_dDLC
_dBD-RjUL
_beng
041 _aeng
082 0 0 _a543
_216
_bHAI 1954
100 1 _aHarley, John H.
_931972
245 1 0 _aInstrumental analysis /
_cJohn H. Harley [and] Stephen E. Wiberley.
260 _aNew York :
_bWiley,
_cc1954.
300 _a440 p. :
_bill. ;
_c24 cm.
504 _aIncludes bibliography.
650 0 _aInstrumental analysis.
_929915
700 1 _aWiberley, Stephen E.,
_ejoint author.
_931973
942 _2ddc
_cBK
999 _c10347
_d10347